Estudio de Mercado para la Empresa Politecnico La Salle

Desglosar en tres pasrtes de manera tal que en ellos se aborden aspectos especificos que cumplen directamente con los objetivos planeados en el estudio, ademas tiene un orden secuencial y lógico para que el lector puede tener una vision global de las metas trazadas y la relación que existe entre c...

Full description

Bibliographic Details
Main Authors: Montoya, Egberto Modesto, Sánchez Antón, José Antonio, Fonseca Mercado, Claudio Marcel
Other Authors: Tutor: Chavarria González, Denis
Format: Tesis Section = Libro
Language:Undetermined
Spanish
Published: Managua UNI 2000
Subjects:
LEADER 01266nam a2200289Ia 4500
008 240830s9999 xx 000 0 und d
040 |a BIBLIOTECA-RUPAP Mon 658.83 M798 
041 |a spa 
082 |a Mon 658.83 M798 
100 1 |a Montoya, Egberto Modesto 
100 1 |b  Sánchez Antón, José Antonio 
100 1 |c  Fonseca Mercado, Claudio Marcel 
245 1 0 |a Estudio de Mercado para la Empresa Politecnico La Salle 
260 |a Managua  |b UNI  |c 2000 
300 |a 98 p. :il. 
500 |a Contiene: Anexos y CD 
502 |a Tesis (Ingeniero Industrial)- UNI, 2000. 
520 3 |a Desglosar en tres pasrtes de manera tal que en ellos se aborden aspectos especificos que cumplen directamente con los objetivos planeados en el estudio, ademas tiene un orden secuencial y lógico para que el lector puede tener una vision global de las metas trazadas y la relación que existe entre cada uno de ellos, de igual manera ilustraciones graficas que indican el flujo de secuencia ya sea de una o de un indicativo. 
650 7 |a ANALISIS DE MERCADO 
650 7 |b MERCADO- INVESTIGACION 
650 7 |c VENTAS 
650 7 |d PUBLICIDAD 
650 7 |e PROMOCION 
700 1 |a Tutor:  |b Chavarria González, Denis 
942 |c BK  |2 ddc 
991 |a TESIS 
999 |c 17679